Manual de los cielos y sus mitos: guía práctica para observar el cielo nocturno, sus mitos y símbolos

Saved in:
Bibliografiske detaljer
Hovedforfatter: Cornelius, Geoffrey (Author)
Format: Bog
Sprog:spansk
Udgivet: Barcelona Blume 1998
Udgivelse:1a. ed
Fag:
Tags: Tilføj Tag
Ingen Tags, Vær først til at tagge denne postø!

MARC

LEADER 00000nam a2200000 a 4500
001 UCK2352
003 CL-VaPUC
008 050106e19980000SP |||||||||||||||||spa|d
020 |a 8480762543 
082 0 4 |a 523  |b COR  |2 21 
100 0 |a Cornelius, Geoffrey  |e author  |9 490195 
245 1 0 |a Manual de los cielos y sus mitos: guía práctica para observar el cielo nocturno, sus mitos y símbolos 
250 |a 1a. ed 
300 |a 176 p 
942 |c BK 
945 |d 20050106 00:00:00  |a vberengu 
260 |a Barcelona  |b Blume  |c 1998 
650 0 |a Constelaciones   |9 356118 
650 0 |a Astronomía  |9 260985 
583 |a last modification  |c 20050106 00:00:00  |k Rodrigo Vera 
999 |c 311910  |d 311908 
952 |0 0  |1 0  |4 0  |6 523_000000000000000_COR_1998  |7 0  |8 P  |9 381638  |a BIBARQ  |b BIBARQ  |d 2019-11-21  |i 4086252  |l 7  |m 2  |o 523 COR 1998  |p 4086252  |r 2025-01-20  |s 2024-03-19  |w 2019-11-21  |y BK  |k ARQ